00914nam a22001817a 4500003000900000008004100009040007100050082002400121245009600145260003400241300002800275440003700303505025700340650002500597650002000622710003500642710005500677AR-CdUCM190425b ||||| |||| 00| 0 spa d aMUNICIPALIDAD PROVINCIAL DEL CUSCOcBIBLIOTECA MUNICIPAL DEL CUSCO aPropuesta/N°7/2001 aPropuesta :brevista de opinión de los estudiantes de la carrera Profesional de Derecho / aCusco.bUniversitaria,c2021. a22 páginas. :c30 cm. aPropuesta.nAño III, N°7,2001 aContenido: Breve comentario de la ley de los derechos de participación y control de ciudadanos Ley N°26300. -- El ser abogado. -- La corrupción en el Perú. -- Montesinos ante la encrucijada legal. -- El Islam una religión poco comprendida. ... aCiencias jurídicas aDerecho peruano aCarrera Profesional de Derecho aUniversidad Nacional de San Antonio Abad del Cusco